| 000 | 00604nam a22001697a 4500 | ||
|---|---|---|---|
| 005 | 20120128172328.0 | ||
| 008 | 120128t xxu||||| |||| 00| 0 eng d | ||
| 020 |
_a8178120127 _cRs 60.00 |
||
| 035 | _aB-18133 | ||
| 040 |
_aDPL _bENG |
||
| 100 |
_aBhatia, H. S. _940303 |
||
| 245 |
_aR. Gupta's art of interview _cby H. S. Bhatia |
||
| 260 |
_aNew Delhi _bRamesh Publishing House |
||
| 300 |
_aviii, 400p. _c22 cms. |
||
| 942 |
_2ddc _cEN _h153.94 _mBHA |
||
| 999 |
_c61614 _d61614 |
||